All North American Sports Champions Since 1980 - Statistics

General Stats
  • This quiz has been taken 1,516 times
    157 since last reset
  • The average score is 154 of 181
Answer Stats
Year Teams % Correct
1981 | 1984 | 1986 | +2 others Boston Celtics
98%
1980 | 1982 | 1985 | +8 others Los Angeles Lakers
98%
2001 | 2003 | 2004 | +3 others New England Patriots
97%
2006 | 2012 | 2013 Miami Heat
95%
1996 | 1998 | 1999 | +2 others New York Yankees
95%
1990 Cincinnati Reds
94%
1997 | 1998 | 2015 Denver Broncos
94%
2015 | 2017 | 2018 | 2022 Golden State Warriors
94%
2019 | 2022 | 2023 Kansas City Chiefs
94%
1986 | 1990 | 2007 | 2011 New York Giants
94%
2017 | 2024 Philadelphia Eagles
94%
2010 | 2012 | 2014 San Francisco Giants
94%
1991 | 1992 | 1993 | +3 others Chicago Bulls
93%
1981 | 1988 | 2020 | +2 others Los Angeles Dodgers
93%
2016 Cleveland Cavaliers
92%
2021 Los Angeles Rams
92%
1999 St. Louis Rams
92%
2002 | 2020 Tampa Bay Buccaneers
92%
2023 Denver Nuggets
91%
1996 | 2010 Green Bay Packers
91%
2025 Oklahoma City Thunder
91%
2004 | 2007 | 2013 | 2018 Boston Red Sox
90%
1992 | 1993 | 1995 Dallas Cowboys
90%
1981 | 1984 | 1988 | +2 others San Francisco 49ers
90%
2013 Seattle Seahawks
90%
2011 Dallas Mavericks
89%
2005 | 2008 Pittsburgh Steelers
88%
2024 | 2025 Carolina Panthers
87%
1989 | 1990 | 2004 Detroit Pistons
87%
2021 Milwaukee Bucks
87%
2009 New Orleans Saints
87%
1994 New York Rangers
85%
2023 Texas Rangers
85%
2016 Chicago Cubs
84%
1984 | 1985 | 1987 | +2 others Edmonton Oilers
84%
1999 | 2003 | 2005 | +2 others San Antonio Spurs
84%
1985 Chicago Bears
83%
1986 | 1993 Montreal Canadiens
83%
1989 Oakland Athletics
83%
2000 | 2012 Baltimore Ravens
82%
1994 | 1995 Houston Rockets
82%
2006 Indianapolis Colts
82%
1982 | 2006 | 2011 St. Louis Cardinals
82%
2005 Chicago White Sox
81%
2012 | 2014 Los Angeles Kings
81%
1986 New York Mets
81%
1992 | 1993 Toronto Blue Jays
81%
2011 Boston Bruins
80%
1991 | 1992 | 2009 | +2 others Pittsburgh Penguins
80%
2019 Toronto Raptors
80%
1982 | 1987 | 1991 Washington Redskins
80%
2017 | 2022 Houston Astros
79%
1983 Los Angeles Raiders
79%
1980 Oakland Raiders
79%
1995 | 2021 Atlanta Braves
78%
2010 | 2013 | 2015 Chicago Blackhawks
78%
1996 | 2001 | 2022 Colorado Avalanche
77%
1999 Dallas Stars
76%
2004 | 2020 | 2021 Tampa Bay Lightning
76%
1997 | 2003 Miami Marlins
75%
1980 | 1981 | 1982 | 1983 New York Islanders
75%
2023 Vegas Golden Knights
75%
2001 Arizona Diamondbacks
73%
1984 Detroit Tigers
73%
1983 Philadelphia 76ers
73%
1980 | 2008 Philadelphia Phillies
73%
1997 | 1998 | 2002 | 2008 Detroit Red Wings
72%
2019 St. Louis Blues
72%
2018 Washington Capitals
72%
1987 | 1991 Minnesota Twins
71%
2019 Washington Nationals
71%
1985 | 2015 Kansas City Royals
70%
2006 Carolina Hurricanes
69%
1995 | 2000 | 2003 New Jersey Devils
65%
1989 Calgary Flames
64%
1983 Baltimore Orioles
61%
2007 Anaheim Ducks
60%
2002 Anaheim Angels
23%
No matching quizzes found
Score Distribution
Percent of People with Each Score
Percentile by Number Answered
Your Score History
You have not taken this quiz since the last reset